000 00323nam a22001457a 4500
008 231124b ||||| |||| 00| 0 eng d
020 _a9780521277020
041 _aeng
080 _a101
082 _a101NUS
100 _a44
101 _aFILOZ
245 _aTHE FRAGILITY OF GOODNESS
_cNUSSBAUM.C.M
942 _2udc
_cBK
999 _c60531
_d60531